| 000 | 01175nmm a2200361 a 4500 | ||
|---|---|---|---|
| 003 | AR-X00000XY | ||
| 005 | 20251128212000.0 | ||
| 008 | 157020s2007 ||||||||||||||000 | spa|| | ||
| 020 | _a978-84-451-3012-4 | ||
| 040 | _cAR-X00000XY | ||
| 245 | 1 | 0 | _aPrograma de enriquecimiento educativo para alumnado con altas capacidades en la comunidad de Madrid |
| 260 |
_aMadrid _bComunidad de Madrid _c2007 |
||
| 300 | 0 |
_a303 p. _bil. _e1 cd-rom |
|
| 500 | 0 | _aSolicitar cd-rom no. 751230 en Mediateca | |
| 504 | _aContiene bibliografía en p. 299-303 | ||
| 650 | 4 | _aPROGRAMAS DE EDUCACION | |
| 650 | 4 | _aDATOS ESTADISTICOS | |
| 650 | 4 | _aPROYECTOS EDUCACIONALES | |
| 650 | 4 | _aDESARROLLO COGNOSCITIVO | |
| 651 | 4 | _aEspaña | |
| 653 | 0 | _aNINOS TALENTOSOS | |
| 653 | 0 | _aEDUCACION PRIMARIA | |
| 653 | 0 | _aEDUCACION SECUNDARIA | |
| 700 | 1 |
_aCasanova, María Antonia _ecoordinador |
|
| 700 | 1 | _aReyzábal Rodríguez, María Victoria | |
| 700 | 1 | _aBoal Velasco, María Teresa | |
| 700 | 1 | _aExpósito González, Montserrat | |
| 700 | 1 | _aPlaza Galán, Diego | |
| 700 | 1 | _aCaminero Pérez, Sagrario | |
| 700 | 1 | _aDeza Bello, Araceli | |
| 942 | _cBK | ||
| 998 | _cNancy | ||
| 999 |
_c21895 _d21895 |
||